Phương trình và bất phương trình hàm trong lớp hàm lượng giác ngược
Hàm lượng giác ngược và các hệ thức liên quan. Một số dạng phương trình hàm trong lớp lượng giác ngược. Bất phương trình hàm trong hàm lượng giác ngược
Wedi'i Gadw mewn:
| Prif Awdur: | |
|---|---|
| Awduron Eraill: | |
| Fformat: | Llyfr |
| Iaith: | Vietnamese |
| Cyhoeddwyd: |
Đà Nẵng
Đại học Đà Nẵng
2015
|
| Pynciau: | |
| Tagiau: |
Ychwanegu Tag
Dim Tagiau, Byddwch y cyntaf i dagio'r cofnod hwn!
|
| Thư viện lưu trữ: | Mạng thư viện Đại học Đà Nẵng |
|---|
| LEADER | 01709nam a2200361 4500 | ||
|---|---|---|---|
| 001 | 000023326 | ||
| 003 | 19777 | ||
| 005 | 20151202091210.0 | ||
| 008 | 150921s2015 viesd | ||
| 041 | |a vie | ||
| 082 | 1 | 4 | |a 516.246 |b PH-Q |
| 100 | 1 | |a Phạm Hữu Quyền | |
| 245 | 1 | |a Phương trình và bất phương trình hàm trong lớp hàm lượng giác ngược |c Phạm Hữu Quyền ; Nguyễn Văn Mậu hướng dẫn. |k Luận văn Thạc sĩ | |
| 260 | |a Đà Nẵng |b Đại học Đà Nẵng |c 2015 | ||
| 300 | |a 56 tr., phụ lục 3 tr. |c 29 cm. |e Tóm tắt | ||
| 500 | |a Luận văn thạc sĩ Khoa học. Chuyên ngành: Phương pháp toán sơ cấp. Mã số: 60.46.01.13 | ||
| 520 | 3 | |a Hàm lượng giác ngược và các hệ thức liên quan. Một số dạng phương trình hàm trong lớp lượng giác ngược. Bất phương trình hàm trong hàm lượng giác ngược | |
| 650 | 0 | 4 | |a Hàm lượng giác ngược (toán học) |v Luận văn tốt nghiệp |x Nghiên cứu |
| 653 | |a Hàm lượng giác ngược | ||
| 653 | |a Phương trình | ||
| 653 | |a Phương pháp toán sơ cấp | ||
| 653 | |a Bất phương trình | ||
| 700 | 1 | |a Nguyễn Văn Mậu |c GS. TSKH. |e Hướng dẫn | |
| OWN | |a LSP | ||
| AVA | |a UDN50 |b LSP |d 516.246 PH-Q |e available |t Error 5001 Not defined in file expand_doc_bib_avail. |f 1 |g 0 |h N |i 0 |k 1 | ||
| 999 | |a From the UDN01 | ||
| AVA | |a UDN50 |b LSP |d 516.246 PH-Q |e available |t Error 5001 Not defined in file expand_doc_bib_avail. |f 1 |g 0 |h N |i 0 |k 1 | ||
| TYP | |a Monograph | ||
| TYP | |a Printed language | ||
| 980 | |a Mạng thư viện Đại học Đà Nẵng | ||